Library Banner

Talemaat i Shah Ahmed Raza Khan Brelvai = تعلیمات شاہ احمد رضا خاں بریلوی / (Record no. 132221)

MARC details
000 -LEADER
fixed length control field 00548nam a22001457a 4500
005 - DATE AND TIME OF LATEST TRANSACTION
control field 20231124105327.0
008 - FIXED-LENGTH DATA ELEMENTS--GENERAL INFORMATION
fixed length control field 231124b ||||| |||| 00| 0 eng d
040 ## - CATALOGING SOURCE
Transcribing agency PK-LaUMT
082 ## - DEWEY DECIMAL CLASSIFICATION NUMBER
Classification number PKAC 297.07
Item number HAN-T
100 ## - MAIN ENTRY--PERSONAL NAME
Personal name Hanif Yazdani, Muhammad = حنیف ٰزدانی، محمد
245 ## - TITLE STATEMENT
Title Talemaat i Shah Ahmed Raza Khan Brelvai = تعلیمات شاہ احمد رضا خاں بریلوی /
Statement of responsibility, etc by Muhammad Hanif Yazdani = از محمد حنیف یزدانی
260 ## - PUBLICATION, DISTRIBUTION, ETC. (IMPRINT)
Place of publication, distribution, etc Lahore :
Name of publisher, distributor, etc Maktabah Naziria,
Date of publication, distribution, etc N A
300 ## - PHYSICAL DESCRIPTION
Extent 96 p.
942 ## - ADDED ENTRY ELEMENTS (KOHA)
Koha item type Books
Holdings
Withdrawn status Lost status Damaged status Home library Current library Date acquired Full call number Barcode Date last seen Price effective from Koha item type
      UMT Main Campus UMT Main Campus 2023-11-24 PKAC 297.07 HAN-T 145772 2023-11-24 2023-11-24 Books